000 00954nam a22002417a 4500
999 _c13483
_d13483
003 AR-CdUCM
008 190415b ||||| |||| 00| 0 spa d
020 _a978-612-4121-22-7
040 _aMUNICIPALIDAD PROVINCIAL DEL CUSCO
_cBIBLIOTECA MUNICIPAL DEL CUSCO
082 _a985.6 /
_bJ13
100 _aJacques Decoster, Jean
_931915
245 _aVilcabamba entre arqueología, historia y mito /
260 _aCusco :
_bCBC,
_c2016.
300 _a235 páginas ;
_c20 cm.
_bIlustraciones, imágenes.
440 _aArchivos de historia andina del fondo editorial CBC.
_n53
_931916
505 _aContenido : Presentación -- Choqek'iraw diez años después -- Un contexto para Choquequirao -- Investigaciones arqueológicas -- El paititi y la retirada de Manco Inca ...
650 _aVilcabamba
_91752
650 _aHistoria
_9246
650 _aMito
_93021
700 _aZiótkowski, Mariusz
_931917
942 _2ddc
_cLIBROS
945 _arah
_d15/04/2019